Jiwa muda orang tua

Bibliographic Details
Format: Book
Published: Kuala Lumpur : Mind To Mind , 2002
Series:Siri cerita klasik fabel
Subjects:

MARC

LEADER 00000cam a2200000 7i4500
001 0000000526
005 20220105103912.0
008 070702
020 |a 9831454200 
090 0 0 |a JP   |b CT MAL (866) 
245 0 0 |a Jiwa muda orang tua 
260 |a Kuala Lumpur :   |b Mind To Mind ,   |c 2002 
440 |a Siri cerita klasik fabel 
500 |a Children age 4-6 years old (yellow) 
650 0 |a Classic tales 
650 0 |a Junior preschool   |x Malay   |x Languages 
999 |a 0000959563   |b Book   |c Children Collection   |e Perbadanan Perpustakaan Awam Johor 
999 |a 0000959564   |b Book   |c Children Collection   |e Perbadanan Perpustakaan Awam Johor 
999 |a 0000959565   |b Book   |c Children Collection   |e Perbadanan Perpustakaan Awam Johor